000 00523nam a2200193Ia 4500
008 101110s9999 xx 000 0 und d
041 _aENGLISH
082 _bSR11394
_a658.8
100 _aPatil, Choudhari
245 _aA Text book of Business Planning (S.Y.B.Com.)
365 _b20
520 _aCommerce
546 _aENGLISH
630 _aA Text book of Business Planning (S.Y.B.Com.)
650 _aCommerce
655 _aCommerce
730 _aA Text book of Business Planning (S.Y.B.Com.)
942 _cBOOK
999 _c806154
_d806151